| 000 | 00495nam a2200169 i 4500 | ||
|---|---|---|---|
| 001 | 89819 | ||
| 003 | ES-MaACL | ||
| 005 | 20230906180256.0 | ||
| 007 | t| | ||
| 008 | 050113s1969 sp ||||1| spa d | ||
| 100 | 1 |
_aLaurie, Peter. _970651 |
|
| 245 | 1 | 4 |
_aLas drogas / _cPeter Laurie ; traductora, Cristia Alvarez de Lorenzana. |
| 260 |
_aMadrid : _bAlianza, _c[1969] |
||
| 300 |
_a211 p. ; _c18 cm. |
||
| 700 | 1 |
_aAlvarez de Lorenzana, Cristina. _920764 |
|
| 852 |
_aES-MaACL _jC-36525 _bR.70487 |
||
| 999 |
_c89819 _d89819 |
||